[Event "POL Olympiad U14 Girls"]
[Site "Drzonkow"]
[Date "2017.04.07"]
[Round "8"]
[White "Zaborowska, Maria"]
[Black "Nowaczyk, Klara"]
[Result "1/2-1/2"]
[WhiteElo "1280"]
[BlackElo "1114"]
[PlyCount "94"]
[EventDate "2017.04.02"]
[EventType "swiss"]
[EventRounds "9"]
[EventCountry "POL"]
[SourceTitle "EXT 2020"]
[Source "ChessBase"]
[SourceDate "2019.10.17"]
[SourceVersion "1"]
[SourceVersionDate "2019.10.17"]
[SourceQuality "1"]

1. d4 d5 2. c4 e6 3. cxd5 exd5 4. Nc3 Nf6 5. Bf4 c6 6. Nf3 Be7 7. e3 Nbd7 8. Bd3 0-0 9. h3 Nh5 10. Bh2 f5 11. Qc2 Nb6 12. Ne5 Nf6 13. Bxf5 Nbd7 14. Be6+ Kh8 15. Nf7+ Rxf7 16. Bxf7 Nb6 17. g4 Qf8 18. Bh5 Qg8 19. a3 g6 20. Bxg6 Qxg6 21. Qxg6 hxg6 22. Be5 Kh7 23. Bxf6 Bxf6 24. Ke2 Bd7 25. Kd3 Rf8 26. f4 Kg7 27. b3 Be7 28. a4 Nc8 29. Raf1 Nd6 30. Rhg1 Kf7 31. e4 dxe4+ 32. Nxe4 Nxe4 33. Kxe4 Be6 34. Rb1 Bd5+ 35. Kd3 Ke6 36. f5+ gxf5 37. gxf5+ Rxf5 38. Rbe1+ Kd7 39. Rg7 Rf7 40. Rxf7 Bxf7 41. Kc2 Be6 42. Rh1 Bd5 43. Rh2 Bd6 44. Re2 Be7 45. Rh2 Bd6 46. Re2 Bg3 47. Kc3 Be6 1/2-1/2

[Event "POL Olympiad U14 Girls"]
[Site "Drzonkow"]
[Date "2017.04.03"]
[Round "2"]
[White "Trzaskowska, Hanna"]
[Black "Zaborowska, Maria"]
[Result "1/2-1/2"]
[WhiteElo "1398"]
[BlackElo "1280"]
[PlyCount "134"]
[EventDate "2017.04.02"]
[EventType "swiss"]
[EventRounds "9"]
[EventCountry "POL"]
[SourceTitle "EXT 2020"]
[Source "ChessBase"]
[SourceDate "2019.10.17"]
[SourceVersion "1"]
[SourceVersionDate "2019.10.17"]
[SourceQuality "1"]

1. e4 c5 2. Nf3 e6 3. d4 cxd4 4. Nxd4 a6 5. Bd3 Qc7 6. Qe2 b5 7. a4 b4 8. 0-0 Bb7 9. c4 Bc5 10. Nb3 d6 11. Nxc5 dxc5 12. b3 Ne7 13. Bb2 e5 14. f4 Nbc6 15. Nd2 0-0-0 16. Bc2 Ng6 17. Bxe5 Ngxe5 18. fxe5 Qxe5 19. Nf3 Qe7 20. Rad1 f6 21. Rfe1 Nd4 22. Nxd4 cxd4 23. Qg4+ Kc7 24. Qg3+ Kb6 25. e5 Qc7 26. e6 Qxg3 27. hxg3 Bc6 28. e7 Rd6 29. Be4 Bxe4 30. Rxe4 Re8 31. Rexd4 Rxd4 32. Rxd4 Rxe7 33. Rd6+ Kb7 34. Kf2 Rc7 35. Ke3 Rc6 36. Rd7+ Rc7 37. Rxc7+ Kxc7 38. a5 Kc6 39. Kd4 h5 40. Ke4 g6 41. Kd4 Kd6 42. c5+ Kc6 43. Kc4 g5 44. Kxb4 Kd5 45. c6 Kxc6 46. Kc4 f5 47. Kd4 Kd6 48. Kc4 h4 49. gxh4 gxh4 50. Kd4 Kc6 51. Ke5 Kb5 52. Kxf5 Kxa5 53. Kg4 Kb4 54. Kxh4 Kxb3 55. g4 a5 56. g5 a4 57. g6 a3 58. g7 a2 59. g8Q+ Kb2 60. Qg7+ Kb1 61. Qg1+ Kb2 62. Qb6+ Ka1 63. Qd4+ Kb1 64. Qb4+ Ka1 65. Qc3+ Kb1 66. Qb3+ Ka1 67. Qc3+ Kb1 1/2-1/2

[Event "POL-chT U19 2nd League"]
[Site "Iwonicz"]
[Date "2015.08.01"]
[Round "2.54"]
[White "Kupiecka, Julia"]
[Black "Zaborowska, Maria"]
[Result "0-1"]
[WhiteElo "1056"]
[BlackElo "1011"]
[PlyCount "114"]
[EventDate "2015.07.25"]
[EventType "team-swiss"]
[EventRounds "11"]
[EventCountry "POL"]
[SourceTitle "EXT 2019"]
[Source "ChessBase"]
[SourceDate "2018.10.10"]
[SourceVersion "1"]
[SourceVersionDate "2018.10.10"]
[SourceQuality "1"]
[WhiteTeam "Gory Strzybniczanka Tarnowskie U19"]
[BlackTeam "Minsk Mazowiecki MTSz U19"]
[WhiteTeamCountry "POL"]
[BlackTeamCountry "POL"]

1. e4 e6 2. d4 d5 3. e5 c5 4. c3 Qb6 5. Nf3 Bd7 6. Qc2 Bb5 7. Be2 Bxe2 8. Qxe2 Qa6 9. Qxa6 Nxa6 10. 0-0 f6 11. Nbd2 0-0-0 12. Nb3 c4 13. Nbd2 Ne7 14. Rb1 Nc6 15. b3 cxb3 16. Nxb3 h6 17. Bd2 Ba3 18. exf6 gxf6 19. Ne1 e5 20. Nc2 Bd6 21. Ne3 exd4 22. cxd4 Nc7 23. Na5 Nxa5 24. Bxa5 b6 25. Bb4 Bxb4 26. Rxb4 Kb7 27. Rc1 Ne6 28. Nf5 Nf4 29. Rc2 Rhe8 30. Ne3 Rc8 31. Rbb2 Nd3 32. Rxc8 Rxc8 33. Rc2 Rxc2 34. Nxc2 Kc6 35. Kf1 a5 36. a3 b5 37. g4 b4 38. axb4 Nxb4 39. Nxb4+ axb4 40. Ke1 Kb5 41. Kd1 Kc4 42. Kc2 Kxd4 43. Kb3 Ke4 44. Kxb4 Kd3 45. h4 Ke4 46. Kc3 Kf4 47. Kd4 Kxg4 48. Kxd5 Kxh4 49. f4 f5 50. Kd4 Kg4 51. Ke5 h5 52. Kd4 Kxf4 53. Kd3 Kg3 54. Ke2 Kg2 55. Ke3 h4 56. Kf4 h3 57. Kxf5 h2 0-1

[Event "POL-chT U19 2nd League"]
[Site "Iwonicz"]
[Date "2015.08.01"]
[Round "3.24"]
[White "Zaborowska, Maria"]
[Black "Buchta, Agnieszka"]
[Result "1-0"]
[WhiteElo "1011"]
[BlackElo "1619"]
[PlyCount "73"]
[EventDate "2015.07.25"]
[EventType "team-swiss"]
[EventRounds "11"]
[EventCountry "POL"]
[SourceTitle "EXT 2019"]
[Source "ChessBase"]
[SourceDate "2018.10.10"]
[SourceVersion "1"]
[SourceVersionDate "2018.10.10"]
[SourceQuality "1"]
[WhiteTeam "Minsk Mazowiecki MTSz U19"]
[BlackTeam "Podlesie UKS 21 U19"]
[WhiteTeamCountry "POL"]
[BlackTeamCountry "POL"]

1. e4 c5 2. Nf3 e6 3. d4 cxd4 4. Nxd4 Nf6 5. Bd3 Nc6 6. Nxc6 bxc6 7. Nd2 d5 8. 0-0 Be7 9. Re1 0-0 10. e5 Nd7 11. Nf3 c5 12. c4 Nb6 13. Qc2 h6 14. Rd1 Qc7 15. Bd2 Bb7 16. Qc1 dxc4 17. Be2 Rac8 18. Re1 Rfd8 19. Bxh6 gxh6 20. Qxh6 Nd7 21. Ng5 Bxg5 22. Qxg5+ Kf8 23. Bg4 Bd5 24. f4 Qb7 25. Bh5 Nb6 26. f5 exf5 27. Qxf5 Be6 28. Qh7 Nd5 29. Qh6+ Ke8 30. Qxe6+ Qe7 31. Qf5 Nc7 32. e6 Kf8 33. exf7 Qd7 34. Qh7 Qd4+ 35. Kh1 Qg7 36. Qe4 a6 37. Qe7# 1-0

[Event "POL-chT U19 2nd League"]
[Site "Iwonicz"]
[Date "2015.08.01"]
[Round "6.48"]
[White "Zaborowska, Maria"]
[Black "Hryn, Aleksandra"]
[Result "1-0"]
[WhiteElo "1011"]
[BlackElo "1319"]
[PlyCount "71"]
[EventDate "2015.07.25"]
[EventType "team-swiss"]
[EventRounds "11"]
[EventCountry "POL"]
[SourceTitle "EXT 2019"]
[Source "ChessBase"]
[SourceDate "2018.10.10"]
[SourceVersion "1"]
[SourceVersionDate "2018.10.10"]
[SourceQuality "1"]
[WhiteTeam "Minsk Mazowiecki MTSz U19"]
[BlackTeam "Gliwice Akademia Szachowa U19"]
[WhiteTeamCountry "POL"]
[BlackTeamCountry "POL"]

1. e4 c5 2. Nf3 d6 3. d4 cxd4 4. Nxd4 Nf6 5. Nc3 a6 6. a4 e6 7. Be3 Be7 8. Be2 0-0 9. 0-0 Nc6 10. Nb3 Qc7 11. f4 Re8 12. Bf3 Rb8 13. Qe2 b6 14. g4 Bb7 15. Qg2 Kh8 16. h4 Nd7 17. h5 Nc5 18. g5 Rf8 19. g6 f5 20. Kh1 Bf6 21. gxh7 Bxc3 22. bxc3 Qd7 23. Nxc5 dxc5 24. Rad1 Qc7 25. Rg1 Qe7 26. Bf2 Qc7 27. Bh4 b5 28. h6 gxh6 29. Qg6 Qf7 30. Qxh6 Qxh7 31. Qxh7+ Kxh7 32. Rd7+ Kh6 33. Rdg7 Ne7 34. Bxe7 Rf6 35. Bxf6 Bxe4 36. R1g6# 1-0

[Event "POL-chT U19 2nd League"]
[Site "Iwonicz"]
[Date "2015.08.01"]
[Round "8.30"]
[White "Zaborowska, Maria"]
[Black "Szelag, Zuzanna"]
[Result "0-1"]
[WhiteElo "1011"]
[BlackElo "1671"]
[PlyCount "100"]
[EventDate "2015.07.25"]
[EventType "team-swiss"]
[EventRounds "11"]
[EventCountry "POL"]
[SourceTitle "EXT 2019"]
[Source "ChessBase"]
[SourceDate "2018.10.10"]
[SourceVersion "1"]
[SourceVersionDate "2018.10.10"]
[SourceQuality "1"]
[WhiteTeam "Minsk Mazowiecki MTSz U19"]
[BlackTeam "Gniezno LKS Chrobry U19"]
[WhiteTeamCountry "POL"]
[BlackTeamCountry "POL"]

1. d4 d5 2. c4 dxc4 3. Nc3 Nf6 4. Bg5 c6 5. e3 b5 6. a3 e6 7. Nf3 Be7 8. Be2 Nbd7 9. 0-0 0-0 10. e4 h6 11. Be3 Bb7 12. Qd2 Nh7 13. d5 exd5 14. exd5 cxd5 15. Nxd5 Ndf6 16. Nxe7+ Qxe7 17. Rad1 Rad8 18. Qa5 a6 19. Qc3 Nd5 20. Qe5 Qxe5 21. Nxe5 Nxe3 22. fxe3 Nf6 23. Ng4 Nxg4 24. Bxg4 Rxd1 25. Rxd1 Re8 26. Kf2 Kf8 27. Rd4 g6 28. Bf3 Bxf3 29. gxf3 Ke7 30. Re4+ Kd7 31. Rxe8 Kxe8 32. e4 Ke7 33. Ke3 Kd6 34. Kd4 f6 35. f4 g5 36. fxg5 hxg5 37. h3 a5 38. Kc3 Ke5 39. Kd2 Kxe4 40. Ke2 f5 41. Ke1 Ke3 42. Kf1 f4 43. Ke1 Kf3 44. Kf1 Kg3 45. Kg1 f3 46. Kf1 f2 47. b4 cxb3 48. a4 Kf3 49. axb5 b2 50. b6 b1R# 0-1